000 00901nam a2200229Ia 4500
001 L262-19851
003 IT-CnALBA
008 170116s9999||||xx |||||||||||||| ||und||
040 _aIT-CnALBA
_cIT-CnALBA
041 _aLATINO
100 _aCAVIGIOLI GIOVANNI
245 0 _aDE CENSURIS LATAE SENTENTIAE COMMENTARIOLUM.
250 _a1a ed.
260 _aTORINO
_bSALESIANA EDITRICE TIP. E LIBR.
_c1919 [1° Ed.:1919 - Ed.Ling.Originale: 1919]
300 _a170 p. (prefazione: 5)
500 _aCENSURE: AUTORE, SOGGETTO, OGGETTO, EFFETTI, CESSAZIONE. SCOMUNICHE, INTERDETTI, SOSPENSIONI.
501 _aSocietà San Paolo EM - Piazza San Paolo, 14 - 12051 ALBA (CN) (non commercial uses only) ® Copyright 2017
520 _aCENSURE: AUTORE, SOGGETTO, OGGETTO, EFFETTI, CESSAZIONE. SCOMUNICHE, INTERDETTI, SOSPENSIONI.
650 _aECCLESIOLOGIA
942 _cBK
957 _71
999 _a24590
_bSI
_g Copie: 1
_c278972
_d278972